| 000 | 00545nam a22001817a 4500 | ||
|---|---|---|---|
| 999 |
_c171559 _d171559 |
||
| 005 | 20200115130508.0 | ||
| 010 | _aENG-127429 | ||
| 020 |
_a9789388548878 _c3495.00 |
||
| 035 | _aEN-110961 | ||
| 037 | _bDBAD/PUB | ||
| 082 | _a340.5403 | ||
| 100 | _aKhan,Shakil Ahmad | ||
| 245 |
_aThe law Lexicon / _cby Shakil Ahmad Khan |
||
| 260 |
_aGurgaon _bLexis Nexis _c2017 |
||
| 270 |
_a14th floor,building no-10,Tower B,DLF Cyber city phase-II _bGurgaon _e122002 |
||
| 300 |
_a2100p. _c22cm(hb) |
||
| 942 |
_2ddc _cEN _h340.5403 _mKHA |
||